<?xml version="1.0" encoding="UTF-8"?>
<record
    xmlns:xsi="http://www.w3.org/2001/XMLSchema-instance"
    xsi:schemaLocation="http://www.loc.gov/MARC21/slim http://www.loc.gov/standards/marcxml/schema/MARC21slim.xsd"
    xmlns="http://www.loc.gov/MARC21/slim">

  <leader>02061nam a22002057a 4500</leader>
  <controlfield tag="001">6320</controlfield>
  <controlfield tag="003">FISKH</controlfield>
  <controlfield tag="005">20250422083809.0</controlfield>
  <controlfield tag="008">250422b        cb ||||| |||| 00| 0 eng d</controlfield>
  <datafield tag="020" ind1=" " ind2=" ">
    <subfield code="a">9780008262006</subfield>
  </datafield>
  <datafield tag="040" ind1=" " ind2=" ">
    <subfield code="a">FISKH</subfield>
    <subfield code="b">eng</subfield>
    <subfield code="c">FISKH</subfield>
    <subfield code="d">FISKH</subfield>
  </datafield>
  <datafield tag="100" ind1=" " ind2=" ">
    <subfield code="a">Brindle, Keith </subfield>
  </datafield>
  <datafield tag="245" ind1=" " ind2=" ">
    <subfield code="a">Cambridge IGCSETM English : </subfield>
    <subfield code="b">Student's Book Also for Cambridge IGCSE (TM)  ( 9-1)  /</subfield>
    <subfield code="c">Series Editor : Julia Burchell , Keith Brindle , Julia Burchell , Steve Eddy , Mike Gould and Ian Kirby</subfield>
  </datafield>
  <datafield tag="260" ind1=" " ind2=" ">
    <subfield code="a">London :</subfield>
    <subfield code="b">HarperCollinaPublishers ,</subfield>
    <subfield code="c">2018.</subfield>
  </datafield>
  <datafield tag="300" ind1=" " ind2=" ">
    <subfield code="a">320 pages : </subfield>
    <subfield code="b">color illustrations ; </subfield>
    <subfield code="c">27 cm . </subfield>
  </datafield>
  <datafield tag="520" ind1=" " ind2=" ">
    <subfield code="a">The third edition of the Collins Cambridge IGCSE&#xA9; English Student Book covers in depth every skill and topic in the Cambridge IGCSE&#xA9; and IGCSE&#xA9; (9'1) First Language English syllabuses (0500 and 0990), showing students how to make progress. This title is endorsed by Cambridge Assessment International Education. Revised and updated to support the 2020 syllabus and examination formats. Show students how to progress with a clear Student Book structure that moves from building key reading, writing and technical skills to applying these skills to specific question types and coursework tasks. Help students to make progress with regular 'Check your progress' checklists and annotated sample answers to exemplify how to do well. Prepare students for examination success with sample questions at the end of each chapter and two complete practice papers at the end of the book. Detailed guidance and annotated sample answers in the Teacher Guide help you and your classes to make the most of the practice examination papers in the Student Book. Build confidence in speaking and listening with clear guidance, activities and exemplification of the presentation and discussion tasks. Save time on planning and preparation with expert support from Julia Burchell, an experienced examiner and trainer. Workbook and Teacher's Guide also available. </subfield>
  </datafield>
  <datafield tag="700" ind1=" " ind2=" ">
    <subfield code="a">Bruchell, Julia </subfield>
    <subfield code="e">Series Editor </subfield>
  </datafield>
  <datafield tag="942" ind1=" " ind2=" ">
    <subfield code="2">ddc</subfield>
    <subfield code="c">BK</subfield>
    <subfield code="n">0</subfield>
  </datafield>
  <datafield tag="999" ind1=" " ind2=" ">
    <subfield code="c">6320</subfield>
    <subfield code="d">6320</subfield>
  </datafield>
  <datafield tag="952" ind1=" " ind2=" ">
    <subfield code="0">0</subfield>
    <subfield code="1">0</subfield>
    <subfield code="2">ddc</subfield>
    <subfield code="4">0</subfield>
    <subfield code="7">0</subfield>
    <subfield code="8">REF</subfield>
    <subfield code="a">002</subfield>
    <subfield code="b">002</subfield>
    <subfield code="c">SNS</subfield>
    <subfield code="d">2025-04-22</subfield>
    <subfield code="l">0</subfield>
    <subfield code="o">BRI PZ7 </subfield>
    <subfield code="p">2025-1067</subfield>
    <subfield code="r">2025-04-22 08:25:48</subfield>
    <subfield code="w">2025-04-22</subfield>
    <subfield code="y">BK</subfield>
  </datafield>
</record>
